[Event "GER-chT U12 Girls"]
[Site "Magdeburg"]
[Date "2023.12.27"]
[Round "1.8"]
[White "Seyedfakhari, Elena"]
[Black "Wieckowicz, Bui Havy"]
[Result "0-1"]
[WhiteElo "860"]
[BlackElo "1175"]
[PlyCount "104"]
[EventDate "2023.12.26"]
[EventType "team-swiss"]
[EventRounds "7"]
[EventCountry "GER"]
[SourceTitle "CB03_2024"]
[SourceDate "2024.01.17"]
[SourceVersion "1"]
[SourceVersionDate "2024.01.17"]
[SourceQuality "1"]
[WhiteTeam "Blankenese"]
[BlackTeam "Plauen Koenig"]
[WhiteTeamCountry "GER"]
[BlackTeamCountry "GER"]

1. e4 c5 2. c3 Nc6 3. Nf3 d6 4. Be2 Nf6 5. 0-0 e6 6. d3 Be7 7. Bf4 Qc7 8. Nbd2 a6 9. Qc2 b5 10. Rfe1 0-0 11. Rad1 e5 12. Be3 Be6 13. a3 Rfe8 14. c4 Rab8 15. cxb5 axb5 16. Ng5 Bg4 17. Bxg4 Nxg4 18. Ngf3 b4 19. axb4 Nxb4 20. Qc4 Red8 21. Ng5 d5 22. exd5 Rxd5 23. Ngf3 Rbd8 24. Qxg4 Nxd3 25. Bh6 g6 26. Re2 f5 27. Qc4 Nxb2 28. Qc1 Nxd1 29. Qxd1 e4 30. Qa1 Bf8 31. Ng5 Qe7 32. Nh3 Bxh6 33. Nc4 Rd1+ 34. Re1 Rxa1 35. Rxa1 Bg7 36. Rc1 Qe6 37. Ne3 Bb2 38. Rb1 Bd4 39. Nf4 Qe5 40. g3 g5 41. Nc4 Bxf2+ 42. Kxf2 Qd4+ 43. Kf1 gxf4 44. Nb6 Qd3+ 45. Kg2 Qxb1 46. Nc4 Qc2+ 47. Nd2 Qxd2+ 48. Kh3 fxg3 49. Kxg3 Qg5+ 50. Kf2 Rd2+ 51. Kf1 Qg2+ 52. Ke1 Qe2# 0-1

[Event "GER-ch U10 Girls"]
[Site "Willingen"]
[Date "2023.05.29"]
[Round "4"]
[White "Noennig, Lotte"]
[Black "Wieckowicz, Bui Havy"]
[Result "1-0"]
[WhiteElo "1341"]
[BlackElo "1065"]
[PlyCount "77"]
[EventDate "2023.05.27"]
[EventType "swiss"]
[EventRounds "11"]
[EventCountry "GER"]
[SourceTitle "CBM 214 Extra"]
[Source "ChessBase"]
[SourceDate "2023.07.31"]
[SourceVersion "1"]
[SourceVersionDate "2023.07.31"]
[SourceQuality "1"]

1. e4 c5 2. Nf3 Nc6 3. d4 cxd4 4. Nxd4 Nf6 5. Nc3 d6 6. Be3 e6 7. f3 Be7 8. Bc4 a6 9. Qd2 Qc7 10. Bb3 b5 11. 0-0 Ne5 12. Kh1 Nc4 13. Bxc4 bxc4 14. Rad1 Rb8 15. b3 cxb3 16. cxb3 0-0 17. Rc1 Qd7 18. Qe2 h6 19. f4 Re8 20. Qf3 Bb7 21. h3 Rbc8 22. Bd2 Nxe4 23. Nxe4 f5 24. Qh5 fxe4 25. Qg6 Bd8 26. f5 e5 27. Ne6 Bf6 28. Bxh6 Qf7 29. Qg4 Kh7 30. Bg5 a5 31. Rcd1 Ba6 32. Rfe1 Bd3 33. h4 g6 34. Re3 d5 35. Rh3 Rc2 36. h5 Kg8 37. hxg6 Qd7 38. Bxf6 Be2 39. Rh8# 1-0